1224 1063 1676 1004 1204 1092 1273 1956 1066 1250 1192 1760 1488 1430 1912 1993 1608 1154 1881 1825 1422 1605 1638 1938 1838 1070 1219 1041 1590 1723 1300 1638 1771 1190 1952 1736 1933 1067 1900 1274 1192 1767 1175 1117 1279 1266 1556 1486 1697 1978 1692 1021 1053 1194 1093 1691 1813 1697 1266 1753 1656 1124 1924 1538 1288 1268 1229 1604 1378 1236 1266 1758 1385 1067 1270 1197 1839 1137 1934 1382 1190 1200 1940 1701 1602 1790 1865 1948 1002 1902 1835 1198 1421 1435 1009 1576 1468 1619 1581 BCNSPRNW ULIB Ver.6.0+V

เปลี่ยนเป็นภาษาไทย

Change to English
 แสดงรายละเอียดบรรณานุกรม
  กลับหน้าหลัก

Brief Record : Get Marc (ISO 2709) : E-mail record : QR code < ปิดหน้าต่าง
LEADER : 00000nam 2200000uu 4500
001    13399122887
003     ULIB
008    131025s2013||||th 000 0 tha d
020    1451175698
024    ^a9781451175691
060 04 ^aWY157.3^bR491e
100 1  ^aRicci, Susan Scott
245 10 ^aEssentials of maternity, newborn, and women''''''''s health nursing /^cSusan Scott Ricci
260    ^aPhiladelphia :^bWolters Kluwer/Lippincott Williams & Wilkins,^c2013
300    ^axxix, 928 p. :^bill. ;^c29 cm.
650  2 ^aMaternity Nursing
650  2 ^aGynecologic Nursing
650  2 ^aMaternal-Child Nursing
650  2 ^aObstetrical Nursing
650  2 ^aPregnancy Complications^xnursing
945    ^p0^l0^i034105
999    ^aเกษร โพธิ์สุวรรณ
รายการนี้ยังไม่มีแท็ก
คุณยังไม่ได้ล็อกอิน คุณสามารถมีกิจกรรมร่วมกับเว็บไซต์ได้ แต่ต้องล็อกอินก่อน ::
  ล็อกอิน

รายการสื่อสารสนเทศ

ลำดับที่ ประเภท เลขเรียก/บาร์โค้ด สถานที่ สถานะ
1. Book การพยาบาล
Book การพยาบาล
WY157.3 R491e  
  Barcode: 034105
ห้องสมุดวิทยาเขตสวรรค์ประชารักษ์
►หนังสือทั่วไป
บนชั้น

รายการใกล้เคียง
    ผู้แต่ง [Ricci, Susan Scott]

    หัวเรื่อง [Maternity Nursing]
    หัวเรื่อง [Gynecologic Nursing]
    หัวเรื่อง [Maternal-Child Nursing]
    หัวเรื่อง [Obstetrical Nursing]
    หัวเรื่อง [Pregnancy Complications nursing]

BibComment


ยังไม่เคยถูกคอมเมนท์

คอมเมนท์ทรัพยากรรายการนี้
  คอมเมนท์: Essentials of ma..


 Copyright 2026. Bcnsprnw @Library